A Holter for Parkinson's Disease Motor Symptoms: STAT-On™ (Record no. 80911)

MARC details
000 -LEADER
fixed length control field 03255namaa2200445uu 4500
001 - CONTROL NUMBER
control field doab121339
003 - CONTROL NUMBER IDENTIFIER
control field oapen
005 - DATE AND TIME OF LATEST TRANSACTION
control field 20260218110426.0
006 - FIXED-LENGTH DATA ELEMENTS--ADDITIONAL MATERIAL CHARACTERISTICS
fixed length control field m o d
007 - PHYSICAL DESCRIPTION FIXED FIELD--GENERAL INFORMATION
fixed length control field cr|mn|---annan
008 - FIXED-LENGTH DATA ELEMENTS--GENERAL INFORMATION
fixed length control field 231116s2024 xx |||||o ||| 0|eng d
020 ## - INTERNATIONAL STANDARD BOOK NUMBER
International Standard Book Number 9781032632865
020 ## - INTERNATIONAL STANDARD BOOK NUMBER
International Standard Book Number 9781032632865
020 ## - INTERNATIONAL STANDARD BOOK NUMBER
International Standard Book Number 9788770040136
020 ## - INTERNATIONAL STANDARD BOOK NUMBER
International Standard Book Number 9788770040648
024 7# - OTHER STANDARD IDENTIFIER
Standard number or code 10.1201/9781032632865
Source of number or code doi
040 ## - CATALOGING SOURCE
Original cataloging agency oapen
Transcribing agency oapen
Modifying agency
041 0# - LANGUAGE CODE
Language code of text/sound track or separate title eng
042 ## - AUTHENTICATION CODE
Authentication code dc
245 00 - TITLE STATEMENT
Title A Holter for Parkinson's Disease Motor Symptoms: STAT-On™
260 ## - PUBLICATION, DISTRIBUTION, ETC.
Name of publisher, distributor, etc. Taylor & Francis
Date of publication, distribution, etc. 2024
300 ## - PHYSICAL DESCRIPTION
Extent 1 online resource (269 p.)
336 ## - CONTENT TYPE
Content type term text
Content type code txt
Source rdacontent
337 ## - MEDIA TYPE
Media type term computer
Media type code c
Source rdamedia
338 ## - CARRIER TYPE
Carrier type term online resource
Carrier type code cr
Source rdacarrier
490 1# - SERIES STATEMENT
Series statement River Publishers Series in Biotechnology and Medical Research
506 0# - RESTRICTIONS ON ACCESS NOTE
Standardized terminology for access restriction Unrestricted online access
Source of term star
520 ## - SUMMARY, ETC.
Summary, etc. A new information and communication technology (ICT) has been deployed in the battle against Parkinson's disease, a neurodegenerative disorder that is both progressive and disabling with significant impact on quality of life. This book explains the experience following from the achieved results in the REMPARK project on Parkinson's disease management up to the launch of a new medical product to the European market, STAT-ON™. The new medical device, STAT-ON™ is a real Holter for the motor symptoms associated to PD. It provides objective information about the severity and distribution of PD motor symptoms and their fluctuations in daily life, allowing for an unbiased and correct monitoring of the patient. This real-time remote monitoring solution gives additional information to neurologists, opening up new possibilities for more effective treatment, more accurate control in clinical trials, and for early detection of motor complications. The number of PD patients is continuously rising, adding complexity, especially in the management at the level of public health. It is an incurable disease, with a symptomatic treatment that tries to alleviate the associated symptoms through a correct adjustment of the medication. For this reason, it is also very important to be aware of changes in the manifestation of the symptoms, which may indicate the need for an adjustment or even a change in the therapy strategy. The intensive complementary use of STAT-ON™ by neurologists, health professionals and researchers, will increase the independence and quality of life of patients, improving their disease management, and contributing to a deeper understanding of the nature of the disease.
536 ## - FUNDING INFORMATION NOTE
Text of note Universitat Politècnica de Catalunya
540 ## - TERMS GOVERNING USE AND REPRODUCTION NOTE
Terms governing use and reproduction Creative Commons
-- https://creativecommons.org/licenses/by-nc/4.0/
-- cc
Uniform Resource Identifier <a href="https://creativecommons.org/licenses/by-nc/4.0/">https://creativecommons.org/licenses/by-nc/4.0/</a>
546 ## - LANGUAGE NOTE
Language note English
650 #7 - SUBJECT ADDED ENTRY--TOPICAL TERM
Topical term or geographic name entry element Diseases & disorders
Source of heading or term bicssc
720 1# - ADDED ENTRY--UNCONTROLLED NAME
Name Cabestany, Joan
Relator code edt
720 1# - ADDED ENTRY--UNCONTROLLED NAME
Name Bayés, Àngels
Relator code edt
720 1# - ADDED ENTRY--UNCONTROLLED NAME
Name Bayés, Àngels
Relator code oth
720 1# - ADDED ENTRY--UNCONTROLLED NAME
Name Cabestany, Joan
Relator code oth
793 0# -
-- DOAB Library.
856 ## - ELECTRONIC LOCATION AND ACCESS
Uniform Resource Identifier <a href="https://docs.google.com/spreadsheets/d/1yKIrdCPDAG_9c22mwoOIO2DOhtj65Wqa/edit?usp=sharing&ouid=106555315294820607512&rtpof=true&sd=true ">https://docs.google.com/spreadsheets/d/1yKIrdCPDAG_9c22mwoOIO2DOhtj65Wqa/edit?usp=sharing&ouid=106555315294820607512&rtpof=true&sd=true </a>
Link text List of Curated E-Books
942 ## - ADDED ENTRY ELEMENTS (KOHA)
Koha item type E-Book
Holdings
Withdrawn status Damaged status Not for loan Home library Current library Date acquired Total Checkouts Date last seen Price effective from Koha item type
      Directory of Open Access Books Directory of Open Access Books 12/09/2024   12/09/2024 12/09/2024 E-Book

University of Rizal System
Email us at univlibservices@urs.edu.ph

Visit our Website www.urs.edu.ph/library